| 000 | 00416nam a2200145 4500 | ||
|---|---|---|---|
| 999 |
_c2991 _d2991 |
||
| 008 | 200318b ||||| |||| 00| 0 eng d | ||
| 082 | 0 | 0 |
_a629.83 _bD649 |
| 100 |
_91334 _aDoeblin, Ernest O. |
||
| 245 | 1 | 0 |
_aDynamic analysis and feedback control / _cby Ernest O. Doeblin |
| 250 | _a1st ed. | ||
| 260 |
_aNew York _bMcGraw-Hill _c1962 |
||
| 300 | _axii, 401 p. | ||
| 650 | 0 | _aFeedback control systems | |
| 942 |
_2ddc _cBK |
||